00516nam a2200181 a 4500001001300000003000900013005001700022008004100039020001000080082001300090100002300103245007900126260004400205300000900249500003500258505001600293650002500309nice12345678IN_TiNIC20260116011645.0050524s1996 dela grp 000 0 eng  ac16500a291bMIT aMitcheel, J Murray aTwo Old Faithsb Essays on the Religions of the Hindus and the Mohammedans aDelhibAsian Educational Servicesc1996 a152p aincludes index and biblioraphy2 aConclusions aComparative Religion